Normal view
MARC view
- Archaeology)—India—Hampi
Entry Topical Term
001 - CONTROL NUMBER
- control field: 217747
003 - CONTROL NUMBER IDENTIFIER
- control field: OSt
005 - DATE AND TIME OF LATEST TRANSACTION
- control field: 20260514122855.0
008 - FIXED-LENGTH DATA ELEMENTS
- fixed length control field: 260514|| aca||aabn | a|a d
040 ## - CATALOGING SOURCE
- Original cataloging agency: OSt
- Transcribing agency: OSt
150 ## - HEADING--TOPICAL TERM
- Topical term or geographic name entry element: Archaeology)—India—Hampi
670 ## - SOURCE DATA FOUND
- Source citation: Work cat.: (OSt)370936: Fritz John M 217701, Vijaynagara Archaeological Exploration 1990-2000 (2 Parts)